[Event "Reykjavik op"]
[Site "Reykjavik"]
[Date "2023.04.03"]
[Round "8"]
[White "Eiriksson, Sigurdur"]
[Black "Maleki, Nicolas"]
[Result "0-1"]
[WhiteElo "1798"]
[BlackElo "2018"]
[PlyCount "60"]
[EventDate "2023.03.29"]
[EventType "swiss"]
[EventRounds "9"]
[EventCountry "ISL"]
[SourceTitle "EXT 2024"]
[Source "ChessBase"]
[SourceDate "2023.10.10"]
[SourceVersion "1"]
[SourceVersionDate "2023.10.10"]
[SourceQuality "1"]

1. d4 d5 2. c4 c6 3. Nc3 Nf6 4. e3 e6 5. Bd3 a6 6. Nge2 dxc4 7. Bxc4 b5 8. Bd3 c5 9. 0-0 Bb7 10. dxc5 Bxc5 11. Ng3 Nbd7 12. b3 0-0 13. Bb2 Qb6 14. Qe2 Be7 15. Rfd1 Nc5 16. Bc2 b4 17. Na4 Nxa4 18. bxa4 Rac8 19. Rac1 Rfd8 20. Bd4 Qa5 21. h3 Bc6 22. Bxf6 Bxf6 23. Nh5 Bc3 24. Rxd8+ Rxd8 25. Rd1 Re8 26. Qc4 Qxh5 27. g4 Qxh3 28. Qxc6 Qxg4+ 29. Qg2 Qe2 30. Qc6 Qxd1+ 0-1

[Event "Reykjavik op"]
[Site "Reykjavik"]
[Date "2023.04.02"]
[Round "7"]
[White "Maleki, Nicolas"]
[Black "Gaal, Zsoka"]
[Result "0-1"]
[WhiteElo "2018"]
[BlackElo "2320"]
[PlyCount "50"]
[EventDate "2023.03.29"]
[EventType "swiss"]
[EventRounds "9"]
[EventCountry "ISL"]
[SourceTitle "EXT 2024"]
[Source "ChessBase"]
[SourceDate "2023.10.10"]
[SourceVersion "1"]
[SourceVersionDate "2023.10.10"]
[SourceQuality "1"]

1. d4 Nf6 2. c4 e6 3. Nc3 Bb4 4. Nf3 Bxc3+ 5. bxc3 d6 6. Bg5 h6 7. Bh4 Nbd7 8. e3 e5 9. Be2 Qe7 10. 0-0 b6 11. Qa4 0-0 12. Rab1 Bb7 13. Rfd1 g5 14. Bg3 Ne4 15. Rbc1 h5 16. h3 Nxg3 17. fxg3 exd4 18. exd4 Qxe2 19. Qxd7 Bxf3 20. gxf3 Qxf3 21. Rf1 Qxg3+ 22. Kh1 Rae8 23. Rg1 Qf3+ 24. Rg2 Re2 25. Rcg1 g4 0-1

[Event "Reykjavik op"]
[Site "Reykjavik"]
[Date "2023.04.01"]
[Round "6"]
[White "Maleki, Nicolas"]
[Black "Shadrina, Eva"]
[Result "1-0"]
[WhiteElo "2018"]
[BlackElo "1563"]
[PlyCount "93"]
[EventDate "2023.03.29"]
[EventType "swiss"]
[EventRounds "9"]
[EventCountry "ISL"]
[SourceTitle "CBM 213 Extra"]
[Source "ChessBase"]
[SourceDate "2023.05.31"]
[SourceVersion "1"]
[SourceVersionDate "2023.05.31"]
[SourceQuality "1"]

1. d4 d5 2. Nc3 Nf6 3. Bg5 e6 4. e4 dxe4 5. Nxe4 Be7 6. Bxf6 Bxf6 7. Nf3 0-0 8. c3 Bd7 9. Bd3 Bc6 10. 0-0 Nd7 11. Re1 Re8 12. Qe2 Nb6 13. Nxf6+ Qxf6 14. Ne5 Nd5 15. Nxc6 bxc6 16. Rad1 Nf4 17. Qe4 Nxd3 18. Qxd3 Red8 19. Qa6 Rd6 20. Qa5 Qd8 21. Rc1 Rd5 22. Qa3 Rg5 23. Re3 Qd5 24. Rg3 Rxg3 25. hxg3 Qd6 26. Qb3 a5 27. Qb7 Rd8 28. Qa7 e5 29. Qxa5 exd4 30. cxd4 Qxd4 31. Qxc7 h6 32. Qxc6 Qxb2 33. a4 Qb4 34. Qb5 Qxb5 35. axb5 Rb8 36. Rb1 Rb6 37. Kf1 Kf8 38. Ke2 Ke7 39. Kd3 Kd6 40. Kc4 f5 41. Ra1 g5 42. Ra6 Kc7 43. Rxb6 Kxb6 44. Kd5 Kxb5 45. Ke5 Kc4 46. Kxf5 Kd3 47. f4 1-0

[Event "Sables d'Olonne op 6th"]
[Site "Sables d'Olonne"]
[Date "2019.07.19"]
[Round "9"]
[White "Maleki, Nicolas"]
[Black "Prie, Eric"]
[Result "0-1"]
[WhiteElo "2088"]
[BlackElo "2436"]
[PlyCount "99"]
[EventDate "2019.07.13"]
[EventType "swiss"]
[EventRounds "9"]
[EventCountry "FRA"]
[SourceTitle "EXT 2020"]
[Source "ChessBase"]
[SourceDate "2019.10.17"]
[SourceVersion "1"]
[SourceVersionDate "2019.10.17"]
[SourceQuality "1"]

1. e4 d5 2. exd5 Qxd5 3. Nc3 Qa5 4. Bc4 Nf6 5. d3 Bg4 6. f3 Bd7 7. Nge2 e6 8. Bf4 Nc6 9. Qd2 Ne5 10. Bb3 0-0-0 11. 0-0-0 Bc6 12. Qe1 Be7 13. d4 Ng6 14. Bd2 Qa6 15. Kb1 Rhe8 16. Qf2 b5 17. a3 Qb6 18. Rhf1 a5 19. a4 b4 20. Na2 Bd5 21. Nac1 c5 22. Bxd5 Rxd5 23. c4 bxc3 24. Nxc3 Rxd4 25. Be3 Rxd1 26. Rxd1 Rd8 27. Rxd8+ Kxd8 28. Nd3 Nd7 29. Ne4 Qb3 30. Ndxc5 Bxc5 31. Nxc5 Nxc5 32. Bxc5 Qd1+ 33. Ka2 Qxa4+ 34. Kb1 Qd1+ 35. Ka2 Ne5 36. Bb6+ Kd7 37. Qc5 Nc6 38. Qf8 Qa4+ 39. Kb1 Qd1+ 40. Ka2 Nb4+ 41. Ka3 Qa1+ 42. Kb3 Qa2+ 43. Kc3 Nd5+ 44. Kc2 Qc4+ 45. Kb1 Nxb6 46. Qxf7+ Kc6 47. Qxg7 Qd3+ 48. Ka1 Nd5 49. Qg4 Kb5 50. Qh5 0-1

[Event "Terre degli Elimi op 6th"]
[Site "Erice"]
[Date "2015.07.31"]
[Round "5"]
[White "Maleki, Nicolas"]
[Black "Arnetta, Maria Teresa"]
[Result "1/2-1/2"]
[WhiteElo "2143"]
[BlackElo "2012"]
[PlyCount "74"]
[EventDate "2015.07.28"]
[EventType "swiss"]
[EventRounds "9"]
[EventCountry "ITA"]
[SourceTitle "EXT 2017"]
[Source "ChessBase"]
[SourceDate "2016.10.25"]
[SourceVersion "1"]
[SourceVersionDate "2016.10.25"]
[SourceQuality "1"]

1. Nf3 d5 2. d4 Nf6 3. c4 dxc4 4. e3 Bg4 5. Bxc4 e6 6. Qb3 Bxf3 7. gxf3 Nbd7 8. Qxb7 Rb8 9. Qxa7 c5 10. Nc3 cxd4 11. Qxd4 Bc5 12. Qd3 0-0 13. b3 Qa5 14. Bd2 Ne5 15. Qe2 Bb4 16. Rc1 Rfd8 17. Kf1 Qa8 18. e4 Nxf3 19. Bf4 Nd4 20. Qe3 Bd6 21. Rg1 Bxf4 22. Qxf4 Ne8 23. h4 Qa3 24. Rd1 Rbc8 25. Kg2 Rxc4 26. Nb5 Ne2 27. Nxa3 Nxf4+ 28. Kf3 Rc3+ 29. Kxf4 Ra8 30. Nb5 Rc2 31. a4 Rxf2+ 32. Kg3 Rb2 33. Rb1 Re2 34. Rge1 Rc2 35. Red1 Nf6 36. Kf3 h5 37. Rbc1 Rh2 1/2-1/2

[Event "Sables d'Olonne op 1st"]
[Site "Sables d'Olonne"]
[Date "2014.07.16"]
[Round "7"]
[White "Maleki, Nicolas"]
[Black "Degraeve, Jean Marc"]
[Result "0-1"]
[WhiteElo "2121"]
[BlackElo "2579"]
[PlyCount "64"]
[EventDate "2014.07.12"]
[EventType "swiss"]
[EventRounds "9"]
[EventCountry "FRA"]
[SourceTitle "CBM 161 Extra"]
[Source "ChessBase"]
[SourceDate "2014.08.29"]
[SourceVersion "1"]
[SourceVersionDate "2014.08.29"]
[SourceQuality "1"]

1. d4 Nf6 2. Nf3 c5 3. c4 cxd4 4. Nxd4 Nc6 5. Nc3 g6 6. g3 d6 7. Bg2 Bd7 8. 0-0 Bg7 9. Nc2 0-0 10. e4 a6 11. Ne3 Rc8 12. Rb1 Be6 13. Ned5 Nd7 14. b3 Nc5 15. Bb2 Bd7 16. Ne2 Bxb2 17. Rxb2 Be6 18. Nec3 a5 19. Rd2 Ra8 20. f4 f6 21. Re1 Kg7 22. Re3 Bd7 23. Re1 Be6 24. Re3 Nd7 25. Nb5 Rc8 26. Kh1 Nc5 27. e5 fxe5 28. fxe5 Nxe5 29. Rxe5 dxe5 30. Ndc7 Bd7 31. Bh3 Bxh3 32. Rxd8 Rcxd8 0-1

[Event "Avoine op 27th"]
[Site "Avoine"]
[Date "2012.07.28"]
[Round "8"]
[White "Maleki, Nicolas"]
[Black "Louis Sidois, Charles"]
[Result "1-0"]
[WhiteElo "2117"]
[BlackElo "1969"]
[PlyCount "111"]
[EventDate "2012.07.21"]
[EventType "swiss"]
[EventRounds "9"]
[EventCountry "FRA"]
[SourceTitle "CBM 149 Extra"]
[Source "ChessBase"]
[SourceDate "2012.08.24"]
[SourceVersion "1"]
[SourceVersionDate "2012.08.24"]
[SourceQuality "1"]

1. e4 e6 2. b3 d5 3. Bb2 dxe4 4. Nc3 Nf6 5. g4 h6 6. Bg2 Bc5 7. Qe2 0-0 8. 0-0-0 Nc6 9. Nxe4 Nxe4 10. Qxe4 Qd5 11. d4 Be7 12. Qxd5 exd5 13. h3 Rd8 14. f4 f5 15. Bf3 a5 16. a3 a4 17. b4 Bf6 18. Ne2 Ne7 19. Rhg1 g5 20. Kb1 fxg4 21. hxg4 c6 22. Rh1 Kg7 23. Ng3 Kg6 24. Nh5 Ng8 25. Rh2 b5 26. Rdh1 gxf4 27. Nxf6 Kxf6 28. Bc1 Ke7 29. Re2+ Kd7 30. Rh5 Rf8 31. g5 hxg5 32. Rxg5 Kc7 33. Reg2 Be6 34. Rg7+ Kb6 35. Re2 Rae8 36. Re1 Ka6 37. Bh5 f3 38. Bxe8 f2 39. Rd1 Rxe8 40. Rf1 Nf6 41. Rxf2 Ne4 42. Rh2 Nc3+ 43. Kb2 Nd1+ 44. Ka1 Bf5 45. Rf7 Re1 46. Rxf5 Ne3 47. Rf3 Rxc1+ 48. Kb2 Re1 49. Rh6 Nc4+ 50. Ka2 Rc1 51. Rxc6+ Kb7 52. Rg6 Rxc2+ 53. Kb1 Nd2+ 54. Kxc2 Nxf3 55. Kd3 Ne1+ 56. Kc3 1-0

[Event "Avoine op 27th"]
[Site "Avoine"]
[Date "2012.07.27"]
[Round "7"]
[White "Piron, Jean Marie"]
[Black "Maleki, Nicolas"]
[Result "1-0"]
[WhiteElo "1810"]
[BlackElo "2117"]
[PlyCount "77"]
[EventDate "2012.07.21"]
[EventType "swiss"]
[EventRounds "9"]
[EventCountry "FRA"]
[SourceTitle "CBM 149 Extra"]
[Source "ChessBase"]
[SourceDate "2012.08.24"]
[SourceVersion "1"]
[SourceVersionDate "2012.08.24"]
[SourceQuality "1"]

1. b4 d5 2. Bb2 Nf6 3. e3 Bf5 4. Nf3 e6 5. b5 Be7 6. Be2 h6 7. a4 0-0 8. 0-0 c5 9. d3 Nbd7 10. Nbd2 Qc7 11. c4 Bh7 12. cxd5 Nxd5 13. Nc4 Bf6 14. Bxf6 N7xf6 15. Qb3 Rfd8 16. Rac1 Rac8 17. Nce5 Qd6 18. a5 Nb4 19. Nc4 Qe7 20. e4 Qd7 21. Rfd1 Qxb5 22. e5 Ne8 23. d4 Qc6 24. Ne3 b6 25. dxc5 Rxd1+ 26. Qxd1 bxc5 27. Nd4 Qe4 28. Nb5 Nd5 29. Nxd5 exd5 30. Nxa7 Rc7 31. Nb5 Rc8 32. Bf3 Qxe5 33. Bxd5 Nc7 34. Rxc5 Rd8 35. Rxc7 Bd3 36. Bxf7+ Kh8 37. Bc4 Rd4 38. Bxd3 Rxd3 39. Qxd3 1-0

[Event "Syre Memorial op 33th"]
[Site "Issy les Moulineaux"]
[Date "2010.05.16"]
[Round "5"]
[White "Maleki, Nicolas"]
[Black "Lafagne, Gilles"]
[Result "1/2-1/2"]
[WhiteElo "2194"]
[BlackElo "1910"]
[PlyCount "72"]
[EventDate "2010.05.13"]
[EventType "swiss"]
[EventRounds "6"]
[EventCountry "FRA"]
[SourceTitle "EXT 2011"]
[Source "ChessBase"]
[SourceDate "2010.11.26"]
[SourceVersion "1"]
[SourceVersionDate "2010.11.26"]
[SourceQuality "1"]

1. d4 d5 2. c4 Nc6 3. Nf3 Bg4 4. Nc3 e6 5. Bf4 Bxf3 6. gxf3 Bb4 7. e3 Nge7 8. Qc2 Qd7 9. 0-0-0 Bxc3 10. Qxc3 0-0-0 11. Bg3 Kb8 12. Bd3 Rc8 13. Bc2 h6 14. e4 Rhd8 15. Ba4 Nxd4 16. Qa3 Ndc6 17. Rd3 d4 18. Rhd1 e5 19. Bxe5 Qe6 20. Bxd4 Qxc4+ 21. Rc3 Qa6 22. Bxg7 Qe2 23. Bxh6 Rxd1+ 24. Bxd1 Qxf2 25. Bg5 Rd8 26. Qc5 Qe1 27. Kb1 Rxd1+ 28. Bc1 a6 29. Qc4 f5 30. exf5 Nxf5 31. Qf7 Nfd4 32. Qf8+ Ka7 33. Qc5+ Kb8 34. Qf8+ Ka7 35. Qc5+ b6 36. Qd5 Kb7 1/2-1/2

[Event "Syre Memorial op 33th"]
[Site "Issy les Moulineaux"]
[Date "2010.05.14"]
[Round "1"]
[White "Maleki, Nicolas"]
[Black "Duffau, Pascal"]
[Result "1/2-1/2"]
[WhiteElo "2194"]
[BlackElo "2032"]
[PlyCount "85"]
[EventDate "2010.05.13"]
[EventType "swiss"]
[EventRounds "6"]
[EventCountry "FRA"]
[SourceTitle "EXT 2011"]
[Source "ChessBase"]
[SourceDate "2010.11.26"]
[SourceVersion "1"]
[SourceVersionDate "2010.11.26"]
[SourceQuality "1"]

1. d4 Nf6 2. c4 e6 3. Nc3 d5 4. Nf3 Be7 5. Bf4 0-0 6. e3 b6 7. Rc1 c5 8. cxd5 exd5 9. Bd3 Bb7 10. 0-0 Na6 11. Ne5 Nc7 12. Bb1 Ne6 13. Bg3 Re8 14. Bh4 Nf8 15. Qa4 Bd6 16. Ng4 Be7 17. Nxf6+ Bxf6 18. Bxf6 Qxf6 19. dxc5 bxc5 20. Rfd1 Red8 21. Qb3 Rab8 22. Qc2 Rbc8 23. Qf5 Qc6 24. e4 d4 25. Ne2 g6 26. Qg4 Ne6 27. Bd3 Ba6 28. b3 Re8 29. Ng3 Bxd3 30. Rxd3 Qa6 31. Rf3 Qxa2 32. Nh5 Red8 33. Nf6+ Kg7 34. Nxh7 Qd2 35. Ra1 Rc7 36. Nf6 Qg5 37. h4 Qxg4 38. Nxg4 Rb7 39. Ne5 f6 40. Nc6 Rdd7 41. e5 f5 42. Na5 Rb4 43. Nc6 1/2-1/2

[Event "Warsaw AIG Life rapid 9th"]
[Site "Warsaw"]
[Date "2009.12.19"]
[Round "2"]
[White "Maleki, Nicolas"]
[Black "Ivanchuk, Vassily"]
[Result "0-1"]
[WhiteElo "2184"]
[BlackElo "2739"]
[PlyCount "52"]
[EventDate "2009.12.19"]
[EventType "swiss (rapid)"]
[EventRounds "13"]
[EventCountry "POL"]
[SourceTitle "CBM 133 Extra"]
[Source "ChessBase"]
[SourceDate "2010.01.05"]
[SourceVersion "1"]
[SourceVersionDate "2010.01.05"]
[SourceQuality "1"]

1. d4 Nf6 2. c4 e6 3. Nc3 Bb4 4. Qc2 d5 5. cxd5 exd5 6. a3 Bxc3+ 7. bxc3 c5 8. e3 0-0 9. Nf3 Re8 10. Bd3 c4 11. Bf5 Bxf5 12. Qxf5 Ne4 13. Bd2 Nc6 14. h4 h6 15. g4 Re6 16. Qh5 Nf6 17. Qf5 Ne7 18. Qf4 Re4 19. Qg3 Nxg4 20. Ne5 Nxe5 21. dxe5 Nf5 22. Qh3 Rxh4 23. Qg2 Rxh1+ 24. Qxh1 Qd7 25. Ke2 Re8 26. f4 Ng3+ 0-1

[Event "Warsaw AIG Life rapid 9th"]
[Site "Warsaw"]
[Date "2009.12.19"]
[Round "7"]
[White "Maleki, Nicolas"]
[Black "Vovk, Yuri"]
[Result "0-1"]
[WhiteElo "2184"]
[BlackElo "2546"]
[PlyCount "44"]
[EventDate "2009.12.19"]
[EventType "swiss (rapid)"]
[EventRounds "13"]
[EventCountry "POL"]
[SourceTitle "CBM 133 Extra"]
[Source "ChessBase"]
[SourceDate "2010.01.05"]
[SourceVersion "1"]
[SourceVersionDate "2010.01.05"]
[SourceQuality "1"]

1. d4 Nf6 2. c4 g6 3. Nc3 d5 4. cxd5 Nxd5 5. e4 Nxc3 6. bxc3 Bg7 7. Be3 c5 8. Qd2 cxd4 9. cxd4 Nc6 10. Rd1 Bg4 11. Be2 Bxe2 12. Nxe2 Na5 13. Rc1 b5 14. Qb4 a6 15. d5 Nc4 16. Bd4 e5 17. Bc5 Rc8 18. Nc3 Bh6 19. Rd1 Qd7 20. Be3 Bxe3 21. fxe3 Nxe3 22. Rd2 Ra8 0-1

[Event "FRA-chT2 0910"]
[Site "France"]
[Date "2009.12.12"]
[Round "5.1"]
[White "Laurent, Julien G"]
[Black "Maleki, Nicolas"]
[Result "1-0"]
[WhiteElo "2323"]
[BlackElo "2184"]
[PlyCount "103"]
[EventDate "2009.09.27"]
[EventType "team-tourn"]
[EventRounds "11"]
[EventCountry "FRA"]
[SourceTitle "EXT 2011"]
[Source "ChessBase"]
[SourceDate "2010.11.26"]
[SourceVersion "1"]
[SourceVersionDate "2010.11.26"]
[SourceQuality "1"]

1. c4 c6 2. Nf3 d5 3. g3 Nf6 4. Bg2 Bg4 5. cxd5 cxd5 6. Ne5 Bf5 7. Qa4+ Nbd7 8. g4 Qc7 9. Nc3 Qxe5 10. d4 Qd6 11. gxf5 e6 12. Bd2 Qb4 13. Qxb4 Bxb4 14. Nb5 Bxd2+ 15. Kxd2 Ke7 16. fxe6 fxe6 17. Rac1 a6 18. Nc3 Nb6 19. b3 Rac8 20. Rc2 Rhd8 21. Bf3 Rd6 22. Rg1 Kf7 23. a4 Rdc6 24. Rgc1 R8c7 25. e4 dxe4 26. Nxe4 Rxc2+ 27. Rxc2 Rxc2+ 28. Kxc2 Nxe4 29. Bxe4 Nd5 30. Kd3 b6 31. Kc4 Nc7 32. b4 h6 33. a5 bxa5 34. bxa5 Nb5 35. Bd3 Ke7 36. Kc5 Nc7 37. Kc6 Kd8 38. Bc4 Kc8 39. Kb6 Kd7 40. Bxa6 Nxa6 41. Kxa6 Kc6 42. h4 g5 43. hxg5 hxg5 44. f3 Kd5 45. Kb6 Kxd4 46. a6 Ke3 47. a7 Kxf3 48. a8Q+ Kg3 49. Kc5 g4 50. Kd4 Kh2 51. Qa2+ Kh1 52. Ke3 1-0

[Event "FRA-chT2 0910"]
[Site "France"]
[Date "2009.11.22"]
[Round "4.1"]
[White "Maleki, Nicolas"]
[Black "David, Vincent"]
[Result "1/2-1/2"]
[WhiteElo "2184"]
[BlackElo "2412"]
[PlyCount "60"]
[EventDate "2009.09.27"]
[EventType "team-tourn"]
[EventRounds "11"]
[EventCountry "FRA"]
[SourceTitle "EXT 2011"]
[Source "ChessBase"]
[SourceDate "2010.11.26"]
[SourceVersion "1"]
[SourceVersionDate "2010.11.26"]
[SourceQuality "1"]

1. d4 d5 2. c4 dxc4 3. e3 e5 4. Bxc4 exd4 5. exd4 Nf6 6. Nf3 Be7 7. 0-0 0-0 8. h3 Nbd7 9. Nc3 Nb6 10. Bb3 c6 11. Bg5 Nbd5 12. Ne5 Be6 13. Re1 Re8 14. Rc1 Rc8 15. Na4 Nd7 16. Bxe7 Rxe7 17. Nxd7 Qxd7 18. Nc5 Qd6 19. Qf3 Rd8 20. Re5 Bc8 21. Bxd5 cxd5 22. Rce1 Rxe5 23. Rxe5 b6 24. Nd3 f6 25. Re3 Be6 26. Qe2 Kf7 27. Qh5+ Kg8 28. Qe2 Kf7 29. Qh5+ Kg8 30. Qe2 Kf7 1/2-1/2

[Event "Le Touquet op-A 24th"]
[Site "Le Touquet"]
[Date "2009.10.26"]
[Round "4"]
[White "Maleki, Nicolas"]
[Black "Rachid, Danial"]
[Result "1-0"]
[WhiteElo "2179"]
[BlackElo "1947"]
[PlyCount "51"]
[EventDate "2009.10.24"]
[EventType "swiss"]
[EventRounds "9"]
[EventCountry "FRA"]
[SourceTitle "EXT 2010"]
[Source "ChessBase"]
[SourceDate "2010.11.25"]
[SourceVersion "1"]
[SourceVersionDate "2010.11.25"]
[SourceQuality "1"]

1. d4 Nf6 2. c4 c5 3. d5 b5 4. cxb5 a6 5. b6 d6 6. Nc3 g6 7. e4 Bg7 8. Nf3 0-0 9. Be2 Nbd7 10. 0-0 Nxb6 11. a4 a5 12. Nd2 Bb7 13. Nc4 Nxc4 14. Bxc4 Nd7 15. Bg5 Ne5 16. Bb5 h6 17. Bh4 g5 18. Bg3 c4 19. h4 Rc8 20. hxg5 hxg5 21. Qh5 e6 22. f4 Nd3 23. fxg5 Qb6+ 24. Kh2 exd5 25. Bd7 Rc7 26. g6 1-0

[Event "FRA-chT2 0910"]
[Site "France"]
[Date "2009.10.04"]
[Round "1.3"]
[White "Maleki, Nicolas"]
[Black "Jurasz, Antoni"]
[Result "1-0"]
[WhiteElo "2179"]
[BlackElo "2048"]
[PlyCount "45"]
[EventDate "2009.09.27"]
[EventType "team-tourn"]
[EventRounds "11"]
[EventCountry "FRA"]
[SourceTitle "EXT 2011"]
[Source "ChessBase"]
[SourceDate "2010.11.26"]
[SourceVersion "1"]
[SourceVersionDate "2010.11.26"]
[SourceQuality "1"]

1. d4 Nf6 2. c4 d6 3. Nc3 g6 4. e4 Bg7 5. Nf3 c5 6. Be2 cxd4 7. Nxd4 0-0 8. 0-0 Qb6 9. Be3 Qxb2 10. Na4 Qa3 11. Nb5 Qb4 12. Bd2 Qxd2 13. Qxd2 Nc6 14. Nac3 a6 15. Nc7 Rb8 16. N7d5 b5 17. cxb5 axb5 18. Nxf6+ Bxf6 19. Bxb5 Bxc3 20. Qxc3 Rxb5 21. Qxc6 Rb2 22. Rfb1 Re2 23. Qc4 1-0

[Event "FRA-ch Accession"]
[Site "Nimes"]
[Date "2009.08.12"]
[Round "2"]
[White "Maleki, Nicolas"]
[Black "Saada, Julien"]
[Result "1/2-1/2"]
[WhiteElo "2165"]
[BlackElo "2289"]
[PlyCount "81"]
[EventDate "2009.08.11"]
[EventType "swiss"]
[EventRounds "9"]
[EventCountry "FRA"]
[SourceTitle "CBM 132 Extra"]
[Source "ChessBase"]
[SourceDate "2009.11.03"]
[SourceVersion "1"]
[SourceVersionDate "2009.11.03"]
[SourceQuality "1"]

1. d4 d5 2. c4 e6 3. Nc3 Nf6 4. Nf3 Nbd7 5. Bf4 a6 6. e3 Be7 7. Rc1 0-0 8. cxd5 exd5 9. Bd3 c6 10. h3 Re8 11. 0-0 Nf8 12. Bh2 Ng6 13. Ne5 Nxe5 14. dxe5 Nd7 15. Nxd5 Nxe5 16. Nxe7+ Qxe7 17. Bb1 Ng6 18. Qh5 Be6 19. e4 f6 20. f4 Bf7 21. Qg4 Qb4 22. b3 Rad8 23. Rfd1 Qb6+ 24. Kh1 Qa5 25. Qe2 Nf8 26. e5 Rxd1+ 27. Rxd1 Bd5 28. Qh5 g6 29. Qh4 f5 30. Bg1 Ne6 31. Qf2 Qc3 32. Kh2 h5 33. Qg3 Qxg3+ 34. Kxg3 h4+ 35. Kxh4 Nxf4 36. Kg5 Nxg2 37. Kxg6 Rxe5 38. Kf6 Re2 39. Kxf5 Re7 40. Bc5 Rf7+ 41. Ke5 1/2-1/2

[Event "FRA-ch Accession"]
[Site "Nimes"]
[Date "2009.08.11"]
[Round "1"]
[White "Strugnell, Carl"]
[Black "Maleki, Nicolas"]
[Result "0-1"]
[WhiteElo "2280"]
[BlackElo "2165"]
[PlyCount "68"]
[EventDate "2009.08.11"]
[EventType "swiss"]
[EventRounds "9"]
[EventCountry "FRA"]
[SourceTitle "CBM 132 Extra"]
[Source "ChessBase"]
[SourceDate "2009.11.03"]
[SourceVersion "1"]
[SourceVersionDate "2009.11.03"]
[SourceQuality "1"]

1. e4 c6 2. d4 d5 3. e5 Bf5 4. Nf3 e6 5. Be2 c5 6. Be3 cxd4 7. Nxd4 Ne7 8. c4 Nbc6 9. Qa4 Qc7 10. f4 Qd7 11. Nb5 Ng6 12. c5 d4 13. Nxd4 Nxd4 14. Qxd4 Qxd4 15. Bxd4 Nxf4 16. Bb5+ Kd8 17. 0-0 g5 18. Nc3 Kc7 19. Bc4 a6 20. b4 Rd8 21. Rad1 Bg7 22. Ne2 Bg4 23. Rd2 Bxe2 24. Bxe2 Rxd4 25. Rxd4 Nxe2+ 26. Kh1 Nxd4 27. Rxf7+ Kc6 28. Rxg7 Nc2 29. a3 Nxa3 30. Re7 Kd5 31. Rxb7 Kxe5 32. c6 Kd6 33. c7 Rc8 34. Rb6+ Kxc7 0-1

[Event "Pula op"]
[Site "Pula"]
[Date "2009.07.01"]
[Round "6"]
[White "Plenkovic, Zdenko"]
[Black "Maleki, Nicolas"]
[Result "1-0"]
[WhiteElo "2365"]
[BlackElo "2175"]
[PlyCount "69"]
[EventDate "2009.06.27"]
[EventType "swiss"]
[EventRounds "9"]
[EventCountry "CRO"]
[SourceTitle "CBM 131 Extra"]
[Source "ChessBase"]
[SourceDate "2009.09.03"]
[SourceVersion "2"]
[SourceVersionDate "2009.09.16"]
[SourceQuality "1"]

1. g3 d5 2. Bg2 Nf6 3. Nf3 Bg4 4. 0-0 e6 5. d3 Be7 6. c4 c6 7. Nc3 Nbd7 8. cxd5 exd5 9. h3 Bh5 10. Nd4 Bg6 11. e4 0-0 12. Kh2 c5 13. Nde2 c4 14. Nf4 dxe4 15. Nxg6 hxg6 16. dxc4 Rc8 17. b3 Nc5 18. Be3 Re8 19. Qxd8 Bxd8 20. Rad1 Ba5 21. Nb5 Rc6 22. Nxa7 Rc7 23. Nb5 Rc6 24. Nd6 Re7 25. Nb5 Nfd7 26. Rd5 f5 27. Rfd1 Nd3 28. Na7 Ra6 29. Nc8 Rf7 30. Nd6 Nf6 31. R5xd3 exd3 32. Nxf7 Kxf7 33. Rxd3 b6 34. a3 Be1 35. b4 1-0

[Event "Cap d'Agde CCAS op"]
[Site "Cap d'Agde"]
[Date "2008.10.26"]
[Round "2"]
[White "Ivanov, Jordan"]
[Black "Maleki, Nicolas"]
[Result "1-0"]
[WhiteElo "2428"]
[BlackElo "2198"]
[PlyCount "35"]
[EventDate "2008.10.25"]
[EventType "swiss"]
[EventRounds "9"]
[EventCountry "FRA"]
[SourceTitle "CBM 127 Extra"]
[Source "ChessBase"]
[SourceDate "2009.01.08"]
[SourceVersion "2"]
[SourceVersionDate "2009.01.28"]
[SourceQuality "1"]

1. c4 c6 2. e4 d5 3. exd5 cxd5 4. cxd5 Nf6 5. Nc3 Nxd5 6. Nf3 Nc6 7. d4 e6 8. Bd3 Be7 9. 0-0 a6 10. Re1 b5 11. Nxd5 exd5 12. Bg5 f6 13. Bd2 Bg4 14. Rc1 Rc8 15. h3 Bd7 16. Nh4 g6 17. Qf3 Nxd4 18. Qxf6 1-0

[Event "Avoine op 23rd"]
[Site "Avoine"]
[Date "2008.07.22"]
[Round "4"]
[White "Sanglan, Philippe"]
[Black "Maleki, Nicolas"]
[Result "0-1"]
[WhiteElo "2058"]
[BlackElo "2155"]
[PlyCount "49"]
[EventDate "2008.07.19"]
[EventType "swiss"]
[EventRounds "9"]
[EventCountry "FRA"]
[SourceTitle "CBM 125 Extra"]
[Source "ChessBase"]
[SourceDate "2008.09.01"]
[SourceVersion "1"]
[SourceVersionDate "2008.09.01"]
[SourceQuality "1"]

1. Nf3 d5 2. b3 Bf5 3. Bb2 e6 4. e3 Nf6 5. c4 c6 6. cxd5 exd5 7. Be2 Bd6 8. d3 0-0 9. Nbd2 Qe7 10. 0-0 Nbd7 11. Re1 Rfe8 12. Nf1 h6 13. Ng3 Bh7 14. Nd4 Be5 15. Qd2 Rad8 16. Rac1 Nf8 17. a3 h5 18. Nf3 Bb8 19. Qc3 Ne6 20. Nh4 d4 21. Qc2 Nd5 22. e4 Qxh4 23. exd5 Rxd5 24. Bf3 Rdd8 25. Qd2 0-1